000 01211nam a22002297a 4500
005 20230627151458.0
008 230627b ||||| |||| 00| 0 eng d
020 _a093286323X
040 _cAL
041 _aEnglish
082 _223
_a323.1
_bKLYS
100 _aY N Kly
_9124949
245 _aSocietal Development and Minority Rights
260 _aAtlanta
_bClarity Press Inc
_c1997
300 _a269 p.
_bPB
_c21.5x14 cm.
520 _aAs advancing technology, environmental degradation and competitive globalization impress upon humanity the need for sustainable human-centered development, the way in which majority/minority relations are institutionalized within multinational states may be key to their societal development as a whole. In this lucid and compelling overview, international legal scholar Y. N. Kly examines the urgent international dialogue now taking place on how best to institutionalize the co-existence of dominant and nondominant ethnic groups within the same multinational state.
650 _aCultural pluralism
_9124950
650 _aMinorities--Civil rights
_9124951
650 _aMinorities--Social conditions
_9124952
700 _aKLY (Y N)
_9124953
942 _2ddc
_cDB
999 _c227686
_d227686